Fábula /
Guardado en:
| Autor Principal: | |
|---|---|
| Otros Autores: | |
| Formato: | Libro |
| Idioma: | Undetermined |
| Publicado: |
Buenos Aires :
Página/12,
2002.
|
| Series: | Los grandes para los chicos ;
18 |
| Materias: | |
| Etiquetas: |
Agregar Etiqueta
Sin Etiquetas, Sea el primero en etiquetar este registro!
|
| LEADER | 00803nam a22002055a 4500 | ||
|---|---|---|---|
| 001 | CEM.cems024338 | ||
| 008 | 241007s2002####ag############000#0#und#d | ||
| 005 | 20241007181005.0 | ||
| 245 | 1 | 0 | |a Fábula / |c Jean de la Fontaine ; ilustraciones Rep. |
| 260 | |a Buenos Aires : |b Página/12, |c 2002. | ||
| 300 | |a 32 p. | ||
| 490 | 1 | |a Los grandes para los chicos ; |v 18 | |
| 500 | |a Incluye biografía del autor. | ||
| 505 | 0 | |a Dos amigos -- El gato y el ratón -- La mochila -- La zorra y la cigüeña -- El gato y los dos gorriones -- El águila, la gata y la jabalina -- El gato de campo y el gato de ciudad | |
| 020 | |a 9875033219 | ||
| 100 | 1 | |a Fontaine, Jean de la. | |
| 700 | 1 | |a Rep; il. | |
| 653 | |a Literatura francesa | ||
| 653 | |a Fábula | ||
| 859 | |a CEMS |b BIB. CEMS - Inicial y Primaria |h 843.9 |i F734 |k IP |p 6046 |t Ej.1 | ||
